|
|
|
|
| LEADER |
00000nbm0a2200000 4500 |
| 001 |
59344 |
| 005 |
20231031060241.0 |
| 035 |
|
|
|a (RuTPU)RU\TPU\book\62735
|
| 090 |
|
|
|a 59344
|
| 100 |
|
|
|a 20031225j1986 k y0rusy50 ca
|
| 101 |
0 |
|
|a rus
|
| 102 |
|
|
|a RU
|
| 105 |
|
|
|a a m 001zy
|
| 200 |
1 |
|
|a Синхронные импульсные генераторы с последовательными коммутациями обмоток
|e диссертация на соискание ученой степени кандидата технических наук
|e Спец. 05.09.01
|f А. М. Матвеев
|g Томский политехнический институт ; А. В. Лоос
|
| 210 |
|
|
|a Томск
|d 1986
|
| 215 |
|
|
|a 187 л.
|c ил.
|
| 300 |
|
|
|a На правах рукописи
|
| 320 |
|
|
|a Библиогр.: с. 178-187 (82 назв.)
|
| 610 |
1 |
|
|a генераторы
|
| 610 |
1 |
|
|a обмотки
|
| 610 |
1 |
|
|a математическое моделирование
|
| 610 |
1 |
|
|a магнитные поля
|
| 610 |
1 |
|
|a расчет
|
| 610 |
1 |
|
|a диссертации
|
| 675 |
|
|
|a 621.313.322(048)
|v 3
|
| 686 |
|
|
|a 31.26
|2 oksvnk
|
| 700 |
|
1 |
|a Матвеев
|b А. М.
|
| 702 |
|
1 |
|a Лоос
|b А. В.
|4 727
|
| 712 |
0 |
2 |
|a Томский политехнический институт
|
| 801 |
|
1 |
|a RU
|b 63413507
|c 20031225
|g PSBO
|
| 801 |
|
2 |
|a RU
|b 63413507
|c 20220124
|g RCR
|
| 942 |
|
|
|c BK
|